Statystyki dla Języki urzędowe w Europie

Kliknij tutaj aby rozwiązać quiz!

Ogólne statystyki

  • Ten quiz został rozwiązany 72 razy
    (49 od ostatniego zresetowania)
  • Średni wynik to 63 z 74

Statystyki odpowiedzi

PaństwoJęzyk% Poprawnych
Albaniaalbański
98%
Maltaangielski
98%
Irlandiaangielski
98%
Wielka Brytaniaangielski
98%
Białoruśbiałoruski
98%
Austrianiemiecki
98%
Niemcyniemiecki
98%
Szwajcarianiemiecki
98%
Liechtensteinniemiecki
98%
Belgianiemiecki
98%
Luksemburgniemiecki
98%
Polskapolski
98%
Białoruśrosyjski
98%
Kazachstanrosyjski
98%
Rosjarosyjski
98%
Bośnia i Hercegowinachorwacki
95%
Chorwacjachorwacki
95%
Watykanfrancuski
95%
Monakofrancuski
95%
Francjafrancuski
95%
Szwajcariafrancuski
95%
Luksemburgfrancuski
95%
Belgiafrancuski
95%
Hiszpaniahiszpański
95%
Serbiaserbski
95%
Bośnia i Hercegowinaserbski
95%
Ukrainaukraiński
95%
Bułgariabułgarski
93%
Estoniaestoński
93%
Wielka Brytaniairlandzki
93%
Irlandiairlandzki
93%
Holandianiderlandzki
93%
Belgianiderlandzki
93%
Norwegianorweski
93%
Mołdawiarumuński
93%
Rumuniarumuński
93%
Słowacjasłowacki
93%
Szwecjaszwedzki
93%
Finlandiaszwedzki
93%
Włochywłoski
93%
San Marinowłoski
93%
Watykanwłoski
93%
Szwajcariawłoski
93%
Czechyczeski
91%
Grecjagrecki
91%
Cyprgrecki
91%
Litwalitewski
91%
Macedonia Północnamacedoński
91%
Portugaliaportugalski
91%
Słoweniasłoweński
91%
Cyprturecki
91%
Turcjaturecki
91%
Węgrywęgierski
91%
Łotwałotewski
89%
Daniaduński
86%
Bośnia i Hercegowinabośniacki
84%
Gruzjagruziński
84%
Islandiaislandzki
84%
Finlandiafiński
82%
Czarnogóraczarnogórski
80%
Wielka Brytaniagaelicki szkocki
77%
Mołdawiamołdawski
77%
Maltamaltański
75%
Wielka Brytaniawalijski
75%
Azerbejdżanazerbejdżański
73%
Andorrakataloński
68%
Luksemburgluksemburski
66%
Kazachstankazachski
61%
Watykanłacina
52%
Armeniaormiański
48%
Norwegiasaami/lapoński
34%
Szwajcariaromansz
27%
Gruzjaabchaski
9%
Norwegiabokmål
0%

Rozkład punktacji

Percentyl według liczby udzielonych odpowiedzi

Procent ludzi z każdym wynikiem

Twoja historia wyników

Nie rozwiązałeś tego quizu od ostatniego zresetowania